Normal view
MARC view
- Kay, G.M
Entry Personal Name
001 - CONTROL NUMBER
- control field: 6334
003 - CONTROL NUMBER IDENTIFIER
- control field: OSt
005 - DATE AND TIME OF LATEST TRANSACTION
- control field: 20241030123101.0
008 - FIXED-LENGTH DATA ELEMENTS
- fixed length control field: 241030|| aca||aabn | a|a d
040 ## - CATALOGING SOURCE
- Original cataloging agency: OSt
- Transcribing agency: OSt
100 ## - HEADING--PERSONAL NAME
- Personal name: Kay, G.M
670 ## - SOURCE DATA FOUND
- Source citation: Work cat.: (OSt)12942: Murphy , W.R; . 6333, Energy management / , 2007.
